Normal view
MARC view
- Santhi Mary Mathew (Guide)
Entry Personal Name
001 - CONTROL NUMBER
- control field: 3746
003 - CONTROL NUMBER IDENTIFIER
- control field: OSt
005 - DATE AND TIME OF LATEST TRANSACTION
- control field: 20181016111447.0
008 - FIXED-LENGTH DATA ELEMENTS
- fixed length control field: 181016|| aca||aabn | a|a d
040 ## - CATALOGING SOURCE
- Original cataloging agency: OSt
- Transcribing agency: OSt
100 ## - HEADING--PERSONAL NAME
- Personal name: Santhi Mary Mathew (Guide)
670 ## - SOURCE DATA FOUND
- Source citation: Work cat.: (OSt): SHAHAMA K 3745, RESPONSE SURFACE OPTIMISATION OF PROCESS VARIABLES FOR ENCAPSULATION OF CUMIN OIL BY SPRAY DRYING, 2018
